00568nam a22001812 4500001001100000005001700011008004100028040001500069110005400084245008800138250001300226260002800239300000900267505005400276650005000330852000300380852000300383000001275420151217155852.0090318s xx 000 0 eng d aKABUcKABU2 aUnited Nations Environment Programme.@000016166610aDesertification control in Africa :bActions and directory of institutions /cUNEP. a1st ed. aNairobi :bUNEP,c1985. a2 v.0 av. I. Actions - v. II. Directory of institutions. 0aDesertificationxControlzAfrica.@00001696601 1